000 00405nam a22001697a 4500
005 20200520120334.0
008 200520b xxu||||| |||| 00| 0 eng d
020 _a9788174733375
041 _aeng
082 _a616.9 DHA
100 _aDharuman J
_95591
245 _aChemistry of Synthetic Druge
260 _aDelhi
_bAITBS PUBLISHERS
_c2018
300 _a312
650 _aPharmacy
_95592
942 _cBK
999 _c6318
_d6316